<?xml version="1.0" encoding="UTF-8"?>
<record
    xmlns:xsi="http://www.w3.org/2001/XMLSchema-instance"
    xsi:schemaLocation="http://www.loc.gov/MARC21/slim http://www.loc.gov/standards/marcxml/schema/MARC21slim.xsd"
    xmlns="http://www.loc.gov/MARC21/slim">

  <leader>01398nam0a22003011  4500</leader>
  <controlfield tag="001">RU\NLR\INFOCOMM_17\5000676157</controlfield>
  <controlfield tag="005">20250613101045.0</controlfield>
  <datafield tag="035" ind1=" " ind2=" ">
    <subfield code="a">(NLR Aleph) 009370748</subfield>
  </datafield>
  <datafield tag="090" ind1=" " ind2=" ">
    <subfield code="a">7920591</subfield>
    <subfield code="c">7920591</subfield>
  </datafield>
  <datafield tag="100" ind1=" " ind2=" ">
    <subfield code="a">20101217d1790    |||y0rusy50      ca</subfield>
  </datafield>
  <datafield tag="101" ind1="1" ind2=" ">
    <subfield code="a">fre</subfield>
  </datafield>
  <datafield tag="102" ind1=" " ind2=" ">
    <subfield code="a">RU</subfield>
  </datafield>
  <datafield tag="105" ind1=" " ind2=" ">
    <subfield code="a">y   ||||000|y</subfield>
  </datafield>
  <datafield tag="200" ind1="1" ind2=" ">
    <subfield code="a">Introduction abr&#xE9;g&#xE9;e &#xE0; la g&#xE9;ographie math&#xE9;matique et &#xE0; la connois sance du Globe c&#xE9;leste &#xE0; l'usage des &#xE9;coles publiques de l'Empire de Russie</subfield>
    <subfield code="e">Traduit du russe</subfield>
  </datafield>
  <datafield tag="210" ind1=" " ind2=" ">
    <subfield code="a">St. P&#xE9;tersbourg</subfield>
    <subfield code="c">[De l'Imprimerie du Corps des cadets nobles]</subfield>
    <subfield code="d">1790</subfield>
  </datafield>
  <datafield tag="215" ind1=" " ind2=" ">
    <subfield code="a">[6], 85 &#x441;.</subfield>
    <subfield code="d">20 &#x441;&#x43C; (8&#xB0;)</subfield>
  </datafield>
  <datafield tag="300" ind1=" " ind2=" ">
    <subfield code="a">&#x410;&#x432;&#x442;. &#x438; &#x442;&#x438;&#x43F;&#x43E;&#x433;&#x440;&#x430;&#x444;&#x438;&#x44F; &#x443;&#x441;&#x442;&#x43D;&#x43E;&#x432;&#x43B;&#x435;&#x43D;&#x44B; &#x43F;&#x43E; &#x438;&#x437;&#x434;.: &#x421;&#x432;&#x43E;&#x434;&#x43D;&#x44B;&#x439; &#x43A;&#x430;&#x442;&#x430;&#x43B;&#x43E;&#x433; &#x43A;&#x43D;&#x438;&#x433; &#x43D;&#x430; &#x438;&#x43D;&#x43E;&#x441;&#x442;&#x440;&#x430;&#x43D;&#x43D;&#x44B;&#x445; &#x44F;&#x437;&#x44B;&#x43A;&#x430;&#x445;, &#x438;&#x437;&#x434;&#x430;&#x43D;&#x43D;&#x44B;&#x445; &#x432; &#x420;&#x43E;&#x441;&#x441;&#x438;&#x438; &#x432; XVIII &#x432;&#x435;&#x43A;&#x435; ... &#x41B;., 1985. &#x422;. 2. &#x421;. 66</subfield>
  </datafield>
  <datafield tag="300" ind1=" " ind2=" ">
    <subfield code="a">&#x412; &#x43A;&#x43E;&#x43D;&#x446;&#x435; &#x43F;&#x440;&#x435;&#x434;&#x438;&#x441;&#x43B;. &#x43F;&#x435;&#x440;.: Stanislas de Komar</subfield>
  </datafield>
  <datafield tag="316" ind1=" " ind2=" ">
    <subfield code="a">&#x42D;&#x43A;&#x437;. &#x441; &#x43D;&#x430;&#x43A;&#x43B;&#x435;&#x439;&#x43A;&#x43E;&#x439; &#x411;-&#x43A;&#x438; 1-&#x433;&#x43E; &#x41A;&#x430;&#x434;&#x435;&#x442;. &#x43A;&#x43E;&#x440;&#x43F;. &#x438; &#x448;&#x442;&#x430;&#x43C;&#x43F;&#x43E;&#x43C; &#x41B;&#x435;&#x43D;. &#x412;&#x43E;&#x435;&#x43D;. &#x431;-&#x43A;&#x438;</subfield>
  </datafield>
  <datafield tag="686" ind1=" " ind2=" ">
    <subfield code="a">&#x414;1</subfield>
    <subfield code="2">rubbk</subfield>
  </datafield>
  <datafield tag="700" ind1=" " ind2="1">
    <subfield code="a">Golovin</subfield>
    <subfield code="b">M. E.</subfield>
    <subfield code="f">1756-1790</subfield>
    <subfield code="g">Michail Evsev'evi&#x10D;</subfield>
    <subfield code="4">070</subfield>
  </datafield>
  <datafield tag="702" ind1=" " ind2="1">
    <subfield code="9">z01790</subfield>
    <subfield code="a">Komar</subfield>
    <subfield code="b">S.</subfield>
    <subfield code="g">Stanis&#x142;aw</subfield>
    <subfield code="4">730</subfield>
  </datafield>
  <datafield tag="790" ind1=" " ind2="1">
    <subfield code="9">z01702</subfield>
    <subfield code="a">Komar</subfield>
    <subfield code="b">S. de</subfield>
    <subfield code="g">Stanislas de</subfield>
    <subfield code="4">730</subfield>
  </datafield>
  <datafield tag="801" ind1=" " ind2="1">
    <subfield code="a">RU</subfield>
    <subfield code="b">NLR</subfield>
    <subfield code="c">20101217</subfield>
  </datafield>
  <datafield tag="801" ind1=" " ind2="0">
    <subfield code="a">RU</subfield>
    <subfield code="b">NLR</subfield>
    <subfield code="g">PSBO</subfield>
  </datafield>
  <datafield tag="852" ind1=" " ind2=" ">
    <subfield code="a">NLR</subfield>
    <subfield code="j">&#x420;&#x44D; &#x428;&#x41A;/G-628 &#x41E;2</subfield>
  </datafield>
  <datafield tag="942" ind1=" " ind2=" ">
    <subfield code="c">BOOK</subfield>
  </datafield>
  <datafield tag="980" ind1=" " ind2=" ">
    <subfield code="a">NB</subfield>
  </datafield>
  <datafield tag="995" ind1=" " ind2=" ">
    <subfield code="5">2013-10-26</subfield>
    <subfield code="b">NLR01</subfield>
    <subfield code="c">NLR01</subfield>
    <subfield code="e">IF</subfield>
    <subfield code="f">9370748-10</subfield>
    <subfield code="k">&#x420;&#x44D; &#x428;&#x41A;/G-628 &#x41E;2</subfield>
    <subfield code="o">0</subfield>
    <subfield code="r">BOOK</subfield>
    <subfield code="s">_G6282</subfield>
  </datafield>
</record>
